000
00264nam a2200109Ia 4500
008
190911s9999||||xx |||||||||||||| ||und||
100
_a
Kumar, Grama
245
0
_a
Introduction To Parallel Computing
260
_a
New York
_b
CRC
_c
1994
300
_a
597
942
_c
BK
999
_c
6691
_d
6691